La sintaxis : 1. principios teoricos. la oracion simple /

Guardado en:
Autor Principal: Hernanz, Maria Lluisa
Otros Autores: Brucart, Jose Maria
Formato: Libro
Publicado: Barcelona : Critica, 1987
Materias:
Etiquetas: Agregar Etiqueta
Sin Etiquetas, Sea el primero en etiquetar este registro!
LEADER 00595nam a22001935a 4500
001 EHU.bham023551
003 AR-BHAM
005 20110211135104.0
008 130507s1987##################000#0#####d
082 4 1 |a 415 
100 1 |a Hernanz, Maria Lluisa 
245 1 0 |a La sintaxis :  |b 1. principios teoricos. la oracion simple /  |c Maria Lluisa Hernanz , Jose Maria Brucart , 
260 |a  Barcelona :  |b Critica,  |c 1987 
300 |a 313 p. 
653 |a Sintaxis 
653 |a Gramatica 
653 |a Linguistica 
700 1 |a Brucart, Jose Maria 
859 |a AR-BHAM  |b BIB. HUMANIDADES - General  |h 415  |i H431-1  |p 106.01  |t Ej.1